Metafísica de la conciencia y el hábitat / (Registro nro. 141755)

Detalles MARC
000 -LEADER
campo de control de longitud fija 02916nam a2200409 i 4500
001 - NÚMERO DE CONTROL
campo de control 141755
003 - IDENTIFICADOR DE NÚMERO DE CONTROL
campo de control FINmELB
005 - FECHA Y HORA DE LA ÚLTIMA TRANSACCIÓN
campo de control 20241217181621.0
006 - CÓDIGOS DE INFORMACIÓN DE LONGITUD FIJA--CARACTERÍSTICAS DEL MATERIAL ADICIONAL
campo de control de longitud fija m o u
007 - CAMPO FIJO DE DESCRIPCIÓN FÍSICA--INFORMACIÓN GENERAL
campo de control de longitud fija cr cn|||||||||
008 - DATOS DE LONGITUD FIJA--INFORMACIÓN GENERAL
campo de control de longitud fija 220224s2020 ag o 000 0 spa d
020 ## - NÚMERO INTERNACIONAL ESTÁNDAR DEL LIBRO
ISBN cancelado o inválido 9789878331461
035 ## - NÚMERO DE CONTROL DEL SISTEMA
Número de control de sistema (OCoLC)1304902367
040 ## - FUENTE DE CATALOGACIÓN
Centro catalogador/agencia de origen FINmELB
Lengua de catalogación spa
Normas de descripción rda
Centro/agencia transcriptor FINmELB
050 #4 - SIGNATURA TOPOGRÁFICA DE LA BIBLIOTECA DEL CONGRESO
Número de clasificación BD111
Número de ítem .M869 2020
082 04 - NÚMERO DE LA CLASIFICACIÓN DECIMAL DEWEY
Número de clasificación 110
Información de edición 23
100 1# - ENTRADA PRINCIPAL--NOMBRE DE PERSONA
Nombre de persona Muñoz, Felix,
Término indicativo de función/relación autor.
245 10 - MENCIÓN DEL TÍTULO
Título Metafísica de la conciencia y el hábitat /
Mención de responsabilidad, etc. Felix Muñoz.
264 #1 - PRODUCCIÓN, PUBLICACIÓN, DISTRIBUCIÓN, FABRICACIÓN Y COPYRIGHT
Producción, publicación, distribución, fabricación y copyright Buenos Aires :
Nombre del de productor, editor, distribuidor, fabricante Prometeo Libros,
Fecha de producción, publicación, distribución, fabricación o copyright 2020.
300 ## - DESCRIPCIÓN FÍSICA
Extensión 1 recurso en línea (296 páginas)
336 ## - TIPO DE CONTENIDO
Término de tipo de contenido texto
Código de tipo de contenido txt
Fuente rdacontent/spa
337 ## - TIPO DE MEDIO
Nombre/término del tipo de medio computadora
Código del tipo de medio c
Fuente rdamedia/spa
338 ## - TIPO DE SOPORTE
Nombre/término del tipo de soporte recurso en línea
Código del tipo de soporte cr
Fuente rdacarrier/spa
505 0# - NOTA DE CONTENIDO CON FORMATO
Nota de contenido con formato PÁGINA LEGAL -- ÍNDICE -- INTRODUCCIÓN -- LIBRO I LA RELACIÓN ENTRE EL HOMBRE Y SU ENTORNO -- 1. EVOLUCIÓN DEL PENSAMIENTO HUMANO -- 2. ÉTICA Y MEDIO AMBIENTE -- 3. LÍMITES HUMANOS -- LIBRO II CONOCIMIENTO NATURAL -- 1. LA EVOLUCIÓN -- 2. LA PERCEPCIÓN -- 3. LA CONCIENCIA -- 4. EL TIEMPO -- 5. EL CONOCIMIENTO -- 6. LA ENERGÍA -- 7. LA CREATIVIDAD -- LIBRO III SER EN LA TIERRA -- 1. DERECHOS INNATOS DEL SER HUMANO -- 2. DERECHOS DE LA NATURALEZA -- 3. ÉTICA DE LA COMPETENCIA -- 4. EL RESPETO A LA TIERRA -- 5. EL VALOR DEL MEDIO AMBIENTE -- NOTAS FINALES.
520 ## - RESUMEN, ETC.
Sumario, etc. "Presentes para el presente, búsqueda de buscar. Simple perfección demente, dime ¿Qué es disfrutar?" -- Metafísica de la conciencia y el hábitat comienza con un estudio de los paradigmas en la relación entre el hombre y su entorno, que nos dificultan ver más allá del desarrollo y hoy nos enfrentan a una crisis climática. Y análisis de los límites de las posibles soluciones, incluido el desarrollo sustentable. Luego da paso a una nueva metafísica. A partir de la conciencia, aquí y ahora, se responde qué hay ahí, cuáles son los misterios: percepción, flujo y voluntad, en definitiva, uno, el amor entendido como creatividad. Finalmente, se ofrece la ética, la forma natural de ser humanos, la sana competencia y los derechos de la Tierra. Y también la técnica, en la forma de un método integral para valorar la naturaleza según sus propias prioridades: la evolución. Se revisa el pasado, se observa el presente, se invita al futuro.
588 ## - NOTA DE FUENTE DE LA DESCRIPCIÓN
Nota de fuente de la descripción Descripción basada en metadatos suministrados por el editor y otras fuentes.
590 ## - NOTA LOCAL (RLIN)
Nota local Recurso electrónico. Santa Fe, Arg.: elibro, 2022. Disponible vía World Wide Web. El acceso puede estar limitado para las bibliotecas afiliadas a elibro.
650 #0 - PUNTO DE ACCESO ADICIONAL DE MATERIA--TÉRMINO DE MATERIA
Término de materia o nombre geográfico como elemento de entrada Environment.
650 #0 - PUNTO DE ACCESO ADICIONAL DE MATERIA--TÉRMINO DE MATERIA
Término de materia o nombre geográfico como elemento de entrada Essay.
650 #0 - PUNTO DE ACCESO ADICIONAL DE MATERIA--TÉRMINO DE MATERIA
Término de materia o nombre geográfico como elemento de entrada Metaphysics.
650 #4 - PUNTO DE ACCESO ADICIONAL DE MATERIA--TÉRMINO DE MATERIA
Término de materia o nombre geográfico como elemento de entrada Metafísica.
650 #4 - PUNTO DE ACCESO ADICIONAL DE MATERIA--TÉRMINO DE MATERIA
Término de materia o nombre geográfico como elemento de entrada Medio ambiente.
650 #4 - PUNTO DE ACCESO ADICIONAL DE MATERIA--TÉRMINO DE MATERIA
Término de materia o nombre geográfico como elemento de entrada Ensayo filosófico.
655 #4 - TERMINO DE INDIZACIÓN--GENERO/FORMA
Datos o término principal de género/forma Libros electrónicos.
797 2# - PUNTO DE ACCESO ADICIONAL LOCAL--NOMBRE DE ENTIDAD CORPORATIVA (RLIN)
Nombre de entidad corporativa o nombre de jurisdicción como elemento de entrada elibro, Corp.
856 40 - LOCALIZACIÓN Y ACCESO ELECTRÓNICOS
Identificador Uniforme de Recurso <a href="https://elibro.net/ereader/politecnicointernacional/188183">https://elibro.net/ereader/politecnicointernacional/188183</a>

No hay ítems disponibles.


Politécnico Internacional

Institución de Educación Superior
Vigilado Mineducación.
SNES 4727 +4135 DEL 11 de nov. de 2004

Sedes

Sede Norte - Av. Boyacá 138 - 70

Sede Sur - Autopista Sur No 67 - 71

Sede Av Chile - Calle 73 Nº 10-45

Información Legal

Derechos Pecuniarios | Habeas Data | Reglamento Biblioteca


Compartir

YouTube | Twitter | Facebook | LinkedIn


Comunícate con nosotros:

Admisiones: 60-1-7950000
Atención al cliente: 60-1-4005700